The transformations of war / (Record no. 552350)
[ view plain ]
| 000 -LEADER | |
|---|---|
| fixed length control field | 00809cam a2200217 i 4500 |
| 020 ## - INTERNATIONAL STANDARD BOOK NUMBER | |
| International Standard Book Number | 0837195101 |
| 082 00 - DEWEY DECIMAL CLASSIFICATION NUMBER | |
| Classification number | 355.02 |
| Author Mark | COL |
| 100 1# - MAIN ENTRY--PERSONAL NAME | |
| Personal name | Colin, Jean-Lambert-Alphonse, |
| 9 (RLIN) | 49569 |
| 245 14 - TITLE STATEMENT | |
| Title | The transformations of war / |
| Statement of responsibility, etc. | by J. Colin ; translated by L. H. R. Pope-Hennessy. |
| 260 ## - PUBLICATION, DISTRIBUTION, ETC. | |
| Place of publication, distribution, etc. | Westport, Conn. : |
| Name of publisher, distributor, etc. | Greenwood Press, |
| Date of publication, distribution, etc. | 1912 |
| 300 ## - PHYSICAL DESCRIPTION | |
| Extent | xvi, 361 p. : |
| Other physical details | ill. ; |
| Dimensions | 23 cm. |
| 490 1# - SERIES STATEMENT | |
| Series statement | The West Point military library |
| 500 ## - GENERAL NOTE | |
| General note | Includes index. |
| 500 ## - GENERAL NOTE | |
| General note | Reprint of the 1912 ed. published by H. Rees, London, which was issued in the Pall Mall military series. |
| 500 ## - GENERAL NOTE | |
| General note | Translation of Les transformations de la guerre. |
| 526 ## - STUDY PROGRAM INFORMATION NOTE | |
| Program name | 0 |
| Interest level | 0 |
| Reading level | 0 |
| Title point value | 355_020000000000000_COL |
| 650 #0 - SUBJECT ADDED ENTRY--TOPICAL TERM | |
| Topical term or geographic name entry element | MCE |
| 9 (RLIN) | 379 |
| 650 #0 - SUBJECT ADDED ENTRY--TOPICAL TERM | |
| Topical term or geographic name entry element | Military art and science |
| General subdivision | History. |
| 9 (RLIN) | 1734 |
| 650 #0 - SUBJECT ADDED ENTRY--TOPICAL TERM | |
| Topical term or geographic name entry element | War. |
| 942 ## - ADDED ENTRY ELEMENTS (KOHA) | |
| Source of classification or shelving scheme | |
| Koha item type | Book |
| Withdrawn status | Lost status | Source of classification or shelving scheme | Damaged status | Not for loan | Permanent Location | Current Location | Shelving location | Date acquired | Total Checkouts | Full call number | Barcode | Date last seen | Price effective from | Koha item type |
|---|---|---|---|---|---|---|---|---|---|---|---|---|---|---|
| Military College of Engineering (MCE) | Military College of Engineering (MCE) | 01/14/2015 | 355.02 COL | MCE-ECT/63 | 01/14/2015 | 01/14/2015 | Book |
